Pokémon that can Mega or Primal Evolve - Statistics

General Stats
  • This quiz has been taken 54 times
  • The average score is 37 of 48
Answer Stats
Answer % Correct
Blastoise
100%
Charizard
100%
Venusaur
100%
Blaziken
91%
Groudon
91%
Kyogre
91%
Swampert
91%
Alakazam
88%
Sceptile
88%
Ampharos
85%
Garchomp
85%
Gengar
85%
Tyranitar
85%
Aggron
82%
Audino
82%
Lucario
82%
Metagross
82%
Rayquaza
82%
Abomasnow
79%
Diancie
79%
Gallade
79%
Gardevoir
79%
Salamence
79%
Steelix
79%
Absol
74%
Beedrill
74%
Kangaskhan
74%
Mew Two
74%
Gyarados
71%
Manectric
71%
Pidgeot
71%
Altaria
68%
Mawile
68%
Sableye
68%
Scizor
68%
Banette
65%
Glalie
65%
Houndoom
65%
Pinsir
65%
Slowbro
65%
Camerupt
62%
Heracross
62%
Latios
62%
Lopunny
62%
Medicham
62%
Aerodactyl
59%
Latias
59%
Sharpedo
56%
No matching quizzes found
Score Distribution
Percent of People with Each Score
Percentile by Number Answered
Your Score History
You have not taken this quiz